Return to China one day : (Record no. 171726)

MARC details
000 -LEADER
fixed length control field 00955cam a2200265 i 4500
001 - CONTROL NUMBER
control field 1356890281
003 - CONTROL NUMBER IDENTIFIER
control field OSt
005 - DATE AND TIME OF LATEST TRANSACTION
control field 20250430120943.0
008 - FIXED-LENGTH DATA ELEMENTS--GENERAL INFORMATION
fixed length control field 230113s2022 si a ob 000 0beng d
020 ## - INTERNATIONAL STANDARD BOOK NUMBER
Canceled/invalid ISBN 9789811957543 (hardcover)
040 ## - CATALOGING SOURCE
Original cataloging agency YDX
Language of cataloging eng
Description conventions rda
Transcribing agency YDX
Modifying agency NUST
050 #4 - LIBRARY OF CONGRESS CALL NUMBER
Classification number TL789.85 LV
100 1# - MAIN ENTRY--PERSONAL NAME
Personal name Lv, Chengdong
Relator term Author
245 10 - TITLE STATEMENT
Title Return to China one day :
Remainder of title the learning life of Qian Xuesen /
Statement of responsibility, etc. Chengdong Lv.
260 ## - PUBLICATION, DISTRIBUTION, ETC.
Place of publication, distribution, etc. Singapore :
Name of publisher, distributor, etc. Zhejiang Science and Technology Publishing House,
Date of publication, distribution, etc. 2022.
300 ## - PHYSICAL DESCRIPTION
Extent xii, 190 pages :
Other physical details Illustrations ;
Dimensions 24 cm.
336 ## - CONTENT TYPE
Content type term text
Content type code txt
Source rdacontent
337 ## - MEDIA TYPE
Media type term unmediated
Media type code n
Source rdamedia
338 ## - CARRIER TYPE
Carrier type term volume
Carrier type code nc
Source rdacarrier
504 ## - BIBLIOGRAPHY, ETC. NOTE
Bibliography, etc. note Includes bibliographical references.
650 #0 - SUBJECT ADDED ENTRY--TOPICAL TERM
Form subdivision Astronautics -- Biography.
650 #0 - SUBJECT ADDED ENTRY--TOPICAL TERM
Form subdivision Aerospace engineers -- China -- Biography.
650 #0 - SUBJECT ADDED ENTRY--TOPICAL TERM
Form subdivision Physicists -- China -- Biography.
942 ## - ADDED ENTRY ELEMENTS (KOHA)
Source of classification or shelving scheme Library of Congress Classification
Koha item type Ordinary Loan Books
Classification part TL789.85 LV
Call number prefix TL
Call number suffix LV
Suppress in OPAC No
Holdings
Withdrawn status Lost status Source of classification or shelving scheme Damaged status Not for loan Collection Home library Current library Shelving location Date acquired Source of acquisition Cost, normal purchase price Total Checkouts Full call number Barcode Date last seen Accession number Cost, replacement price Price effective from Koha item type Public note
    LCC     NFIC MAIN MAIN GEN 04/30/2025 Book Aid International 57.00   TL789.85 LV 92004054211 04/30/2025 61556 57.00 04/30/2025 BOOKS Donation